[Event "Catalunya-chT Gp1"]
[Site "Barcelona"]
[Date "2022.02.12"]
[Round "4.5"]
[White "Barranco Montilla, Cristobal"]
[Black "Sadrija, Enver"]
[Result "1-0"]
[WhiteElo "2127"]
[BlackElo "2122"]
[PlyCount "39"]
[EventDate "2022.01.22"]
[EventType "team-tourn"]
[EventRounds "9"]
[EventCountry "ESP"]
[SourceTitle "CBM 208 Extra"]
[Source "ChessBase"]
[SourceDate "2022.07.31"]
[SourceVersion "1"]
[SourceVersionDate "2022.07.31"]
[SourceQuality "1"]
[WhiteTeam "Gramenet"]
[BlackTeam "Terrassa"]
[WhiteTeamCountry "ESP"]
[BlackTeamCountry "ESP"]

1. d4 d5 2. e4 dxe4 3. Nc3 Nf6 4. Bg5 Bf5 5. f3 exf3 6. Qxf3 Qc8 7. h3 Bxc2 8. Rc1 Bf5 9. Nge2 c6 10. Ng3 Bd7 11. Bd3 h6 12. Bxf6 gxf6 13. 0-0 Rg8 14. Nh5 Bxh3 15. Nxf6+ exf6 16. Nd5 Bxg2 17. Rfe1+ Be7 18. Rxe7+ Kf8 19. Rxf7+ Ke8 20. Re1+ 1-0

[Event "Barbera del Valles op 39th"]
[Site "Barbera del Valles"]
[Date "2016.07.12"]
[Round "9"]
[White "Sadrija, Enver"]
[Black "Nandhini, Saripalli"]
[Result "1-0"]
[WhiteElo "2241"]
[BlackElo "1716"]
[PlyCount "77"]
[EventDate "2016.07.04"]
[EventType "swiss"]
[EventRounds "9"]
[EventCountry "ESP"]
[SourceTitle "EXT 2017"]
[Source "ChessBase"]
[SourceDate "2016.10.25"]
[SourceVersion "1"]
[SourceVersionDate "2016.10.25"]
[SourceQuality "1"]

1. d4 d5 2. c4 e6 3. Nc3 Bb4 4. Bd2 dxc4 5. e3 c5 6. dxc5 Nf6 7. Bxc4 0-0 8. Nf3 Bxc5 9. Qe2 a6 10. 0-0 b5 11. Bb3 Bb7 12. Rfd1 Nbd7 13. Rac1 Qb6 14. a3 Rfd8 15. Ba2 Bxf3 16. gxf3 Ne5 17. Be1 Qb7 18. Kg2 Ng6 19. Bb1 Nh4+ 20. Kg3 g5 21. Ne4 Nh5+ 22. Kh3 Be7 23. Rxd8+ Rxd8 24. Ba5 e5 25. f4 Nf6 26. Rc7 g4+ 27. Qxg4+ Nxg4 28. Rxb7 Rd1 29. Bc2 Rc1 30. Bb3 exf4 31. Kxg4 Rg1+ 32. Kxf4 Ng6+ 33. Kf3 Re1 34. Kg2 Rb1 35. Bc3 Bxa3 36. Nf6+ Kg7 37. Rxf7+ Kh6 38. Rxh7+ Kg5 39. Rh5# 1-0

[Event "Barbera del Valles op 39th"]
[Site "Barbera del Valles"]
[Date "2016.07.09"]
[Round "6"]
[White "Perez Garcia, Adria"]
[Black "Sadrija, Enver"]
[Result "1/2-1/2"]
[WhiteElo "1984"]
[BlackElo "2241"]
[PlyCount "112"]
[EventDate "2016.07.04"]
[EventType "swiss"]
[EventRounds "9"]
[EventCountry "ESP"]
[SourceTitle "EXT 2017"]
[Source "ChessBase"]
[SourceDate "2016.10.25"]
[SourceVersion "1"]
[SourceVersionDate "2016.10.25"]
[SourceQuality "1"]

1. e4 e6 2. d4 d5 3. Nd2 c5 4. Ngf3 Nc6 5. Bb5 dxe4 6. Bxc6+ bxc6 7. Nxe4 cxd4 8. Qxd4 Qd5 9. 0-0 c5 10. Qxd5 exd5 11. Nc3 Be6 12. Re1 Nf6 13. Bg5 Be7 14. Rad1 0-0-0 15. Ne2 Bd6 16. Bf4 Bg4 17. Bxd6 Rxd6 18. Ne5 Bxe2 19. Rxe2 Re8 20. Kf1 Rde6 21. Rde1 R8e7 22. Nd3 c4 23. Nf4 Rxe2 24. Rxe2 Rb7 25. b3 g5 26. Nh3 cxb3 27. axb3 h6 28. f3 Rc7 29. Rd2 g4 30. Nf4 gxf3 31. gxf3 Rc5 32. Nd3 Rc3 33. Ne5 Rc7 34. Kf2 Re7 35. Ng4 Nxg4+ 36. fxg4 Re5 37. h4 Kc7 38. Rd4 f5 39. g5 hxg5 40. hxg5 f4 41. g6 Kc6 42. Rxf4 Rg5 43. Rf6+ Kc5 44. Ra6 Kb5 45. Rxa7 Rxg6 46. Rc7 Re6 47. Rc3 Kb4 48. Re3 Rc6 49. Re2 Kc3 50. Ke1 Ra6 51. Kf2 d4 52. Re4 Ra2 53. Rh4 d3 54. Rc4+ Kd2 55. cxd3 Kxd3+ 56. Kf3 Ra3 1/2-1/2

[Event "Barbera del Valles op 39th"]
[Site "Barbera del Valles"]
[Date "2016.07.08"]
[Round "5"]
[White "Sadrija, Enver"]
[Black "Scalzi Evans, Federico"]
[Result "1/2-1/2"]
[WhiteElo "2241"]
[BlackElo "2050"]
[PlyCount "69"]
[EventDate "2016.07.04"]
[EventType "swiss"]
[EventRounds "9"]
[EventCountry "ESP"]
[SourceTitle "EXT 2017"]
[Source "ChessBase"]
[SourceDate "2016.10.25"]
[SourceVersion "1"]
[SourceVersionDate "2016.10.25"]
[SourceQuality "1"]

1. d4 Nf6 2. c4 e6 3. Nc3 Bb4 4. Bd2 b6 5. Qc2 Bb7 6. f3 0-0 7. e4 Nc6 8. Be3 e5 9. d5 Nd4 10. Qd1 Bc5 11. Bg5 c6 12. a3 Be7 13. Be3 Re8 14. Bxd4 exd4 15. Qxd4 Bc5 16. Qd2 cxd5 17. cxd5 a6 18. Bc4 b5 19. Ba2 b4 20. axb4 Bxb4 21. Nge2 Qb6 22. Kf1 Rac8 23. g3 Rxe4 24. fxe4 Ng4 25. Nd4 Bc5 26. Nc2 a5 27. Kg2 Be3 28. Nxe3 Nxe3+ 29. Kf3 Qf6+ 30. Kxe3 Ba6 31. Qf2 Rxc3+ 32. bxc3 Qxc3+ 33. Kf4 Qf6+ 34. Ke3 Qc3+ 35. Kf4 1/2-1/2

[Event "Catalunya-chT Gp2"]
[Site "Barcelona"]
[Date "2015.03.07"]
[Round "7.1"]
[White "Roca Diaz, Miguel Angel"]
[Black "Sadrija, Enver"]
[Result "0-1"]
[WhiteElo "2043"]
[BlackElo "2184"]
[PlyCount "82"]
[EventDate "2015.01.24"]
[EventType "team-tourn"]
[EventRounds "7"]
[EventCountry "ESP"]
[SourceTitle "EXT 2016"]
[Source "ChessBase"]
[SourceDate "2015.10.08"]
[SourceVersion "1"]
[SourceVersionDate "2015.10.08"]
[SourceQuality "1"]
[WhiteTeam "Sitges"]
[BlackTeam "Terrassa"]
[WhiteTeamCountry "ESP"]
[BlackTeamCountry "ESP"]

1. d4 e6 2. Nf3 b6 3. g3 Bb7 4. Bg2 Nf6 5. 0-0 Be7 6. c4 c5 7. Nc3 d6 8. dxc5 bxc5 9. Bg5 h6 10. Bxf6 Bxf6 11. Qc2 0-0 12. Ng5 Bxg5 13. Bxb7 Nd7 14. Bxa8 Qxa8 15. Rad1 Be7 16. Rd2 Nb6 17. Ne4 Qc6 18. Rfd1 d5 19. cxd5 exd5 20. Nc3 d4 21. Nb1 Qe6 22. b3 Nd5 23. Qc4 Rd8 24. a3 Bg5 25. Qxc5 Bxd2 26. Rxd2 Qe4 27. Qc2 Qe5 28. Qd3 Ne7 29. Rc2 f5 30. Nd2 Rd7 31. Nf3 Qe4 32. Qc4+ Kh7 33. Rd2 Nc6 34. b4 a6 35. a4 d3 36. Qxa6 Nxb4 37. Qb5 Rd5 38. Qb7 dxe2 39. Rxd5 Qxf3 40. Qxb4 Qxd5 41. f4 Qd1+ 0-1

[Event "Catalunya-chT"]
[Site "Catalunya"]
[Date "2012.02.25"]
[Round "5.8"]
[White "Asensio Linan, Teodoro"]
[Black "Sadrija, Enver"]
[Result "1-0"]
[WhiteElo "2167"]
[BlackElo "2196"]
[PlyCount "77"]
[EventDate "2012.01.28"]
[EventType "team-tourn"]
[EventRounds "11"]
[EventCountry "ESP"]
[SourceTitle "EXT 2013"]
[Source "ChessBase"]
[SourceDate "2012.11.22"]
[SourceVersion "1"]
[SourceVersionDate "2012.11.22"]
[SourceQuality "1"]
[WhiteTeam "Montcada"]
[BlackTeam "Terrassa"]
[WhiteTeamCountry "ESP"]
[BlackTeamCountry "ESP"]

1. e4 c5 2. Nc3 Nc6 3. Bb5 g6 4. Nf3 Bg7 5. 0-0 a6 6. Bxc6 bxc6 7. e5 Nh6 8. Re1 0-0 9. Ne4 d6 10. d3 Bg4 11. exd6 exd6 12. h3 Bxf3 13. Qxf3 Nf5 14. c3 Ra7 15. Bg5 f6 16. Bf4 Rd7 17. Nd2 Ne7 18. Bh2 Rb7 19. Re6 Nc8 20. Qxc6 Qd7 21. Qd5 Qf7 22. Rae1 Rd7 23. Qc4 f5 24. Qxa6 Be5 25. Qc4 Nb6 26. Qb3 c4 27. Qxb6 Qxe6 28. Rxe5 Qf7 29. Re3 Rb7 30. Qxd6 Rxb2 31. dxc4 f4 32. Re4 g5 33. Re5 Qg6 34. Qd5+ Kh8 35. g4 Qg7 36. Rxg5 Qxc3 37. Bxf4 Re8 38. Be5+ Rxe5 39. Qg8# 1-0

[Event "Catalunya-chT"]
[Site "Barcelona"]
[Date "2011.02.12"]
[Round "3"]
[White "Sadrija, Enver"]
[Black "Colon Garcia, Enrique"]
[Result "0-1"]
[WhiteElo "2180"]
[BlackElo "2259"]
[PlyCount "62"]
[EventDate "2011.01.29"]
[EventType "team-tourn"]
[EventRounds "11"]
[EventCountry "ESP"]
[SourceTitle "EXT 2012"]
[Source "ChessBase"]
[SourceDate "2011.11.24"]
[SourceVersion "1"]
[SourceVersionDate "2011.11.24"]
[SourceQuality "1"]
[WhiteTeam "Terrassa"]
[BlackTeam "Colon Sabadell"]
[WhiteTeamCountry "ESP"]
[BlackTeamCountry "ESP"]

1. e4 c5 2. Nc3 a6 3. Nf3 b5 4. d4 cxd4 5. Nxd4 Bb7 6. a3 g6 7. Be3 Bg7 8. Qd2 Nf6 9. f3 d6 10. Rd1 Nbd7 11. a4 bxa4 12. Nxa4 d5 13. e5 Nxe5 14. Nc5 Bc8 15. Bf4 Qc7 16. Qb4 0-0 17. Ndb3 Nh5 18. Bc1 a5 19. Qa4 Nd7 20. Rxd5 Nb6 21. Qe4 Nxd5 22. Qxd5 Bf5 23. g4 a4 24. gxf5 axb3 25. fxg6 hxg6 26. Nxb3 Qxc2 27. Bd3 Qg2 28. Rf1 Rfd8 29. Qe4 Qxh2 30. Bc4 e6 31. Bg5 Qg3+ 0-1

[Event "Barbera del Valles op 31st"]
[Site "Barbera del Valles"]
[Date "2008.07.12"]
[Round "8"]
[White "Sadrija, Enver"]
[Black "Ryan, Joseph"]
[Result "0-1"]
[WhiteElo "2265"]
[BlackElo "2331"]
[PlyCount "104"]
[EventDate "2008.07.04"]
[EventType "swiss"]
[EventRounds "9"]
[EventCountry "ESP"]
[SourceTitle "CBM 125 Extra"]
[Source "ChessBase"]
[SourceDate "2008.09.01"]
[SourceVersion "1"]
[SourceVersionDate "2008.09.01"]
[SourceQuality "1"]

1. d4 Nf6 2. Nf3 c5 3. d5 d6 4. g3 g6 5. Bg2 Bg7 6. 0-0 0-0 7. Re1 Bf5 8. Nbd2 Bg4 9. h3 Bxf3 10. exf3 Nbd7 11. f4 Re8 12. c3 b5 13. Qf3 c4 14. Nf1 Nc5 15. Be3 Nd3 16. Re2 Nd7 17. h4 a5 18. Rd1 b4 19. Bd4 bxc3 20. bxc3 Rb8 21. Ne3 Bxd4 22. cxd4 Nb2 23. Rc1 Qc7 24. h5 c3 25. Ng4 Qc4 26. Rxc3 Qxd4 27. hxg6 hxg6 28. f5 Nf6 29. Nxf6+ Qxf6 30. fxg6 Qxg6 31. Re4 Rb4 32. Qe2 Na4 33. Rcc4 f5 34. Rxb4 axb4 35. Re6 Qf7 36. Bf3 Nc3 37. Qd2 f4 38. Qd3 Ra8 39. Rg6+ Kf8 40. Bh5 Qxd5 41. Qxd5 Nxd5 42. Bf3 Ra5 43. gxf4 Nc3 44. Rh6 Kg7 45. Re6 Kf7 46. Bg4 Rxa2 47. f5 b3 48. f6 exf6 49. Rxd6 Ra1+ 50. Kg2 b2 51. Bf5 b1Q 52. Rd7+ Ke8 0-1

[Event "Barbera del Valles op 31st"]
[Site "Barbera del Valles"]
[Date "2008.07.08"]
[Round "4"]
[White "Rojas Keim, Luis Alberto"]
[Black "Sadrija, Enver"]
[Result "1-0"]
[WhiteElo "2414"]
[BlackElo "2265"]
[PlyCount "51"]
[EventDate "2008.07.04"]
[EventType "swiss"]
[EventRounds "9"]
[EventCountry "ESP"]
[SourceTitle "CBM 125 Extra"]
[Source "ChessBase"]
[SourceDate "2008.09.01"]
[SourceVersion "1"]
[SourceVersionDate "2008.09.01"]
[SourceQuality "1"]

1. e4 d5 2. exd5 Nf6 3. d4 Nxd5 4. c4 Nf6 5. Nc3 g6 6. Nf3 Bg7 7. h3 0-0 8. Be2 a6 9. 0-0 Re8 10. Bg5 c6 11. a4 h6 12. Bf4 Nbd7 13. Qd2 g5 14. Bh2 Nf8 15. Ne5 c5 16. d5 N6d7 17. f4 f6 18. Nd3 Qa5 19. Bh5 Rd8 20. Rae1 Nb6 21. fxg5 hxg5 22. Rxe7 Nxc4 23. Qe2 Nd7 24. Bf7+ Kf8 25. Re8+ Kxf7 26. Qh5# 1-0

[Event "Barbera del Valles op 31st"]
[Site "Barbera del Valles"]
[Date "2008.07.07"]
[Round "3"]
[White "Sadrija, Enver"]
[Black "Losada Carrera, Francisco Javier"]
[Result "1-0"]
[WhiteElo "2265"]
[BlackElo "2165"]
[PlyCount "157"]
[EventDate "2008.07.04"]
[EventType "swiss"]
[EventRounds "9"]
[EventCountry "ESP"]
[SourceTitle "CBM 125 Extra"]
[Source "ChessBase"]
[SourceDate "2008.09.01"]
[SourceVersion "1"]
[SourceVersionDate "2008.09.01"]
[SourceQuality "1"]

1. e4 c5 2. Nf3 d6 3. Bc4 e6 4. d4 cxd4 5. Nxd4 Nf6 6. Bd3 Nc6 7. c3 Be7 8. 0-0 0-0 9. Qe2 e5 10. Nb3 d5 11. exd5 Nxd5 12. Rd1 Qc7 13. Bc2 Nf6 14. Bg5 Bg4 15. f3 Be6 16. N1d2 Rfd8 17. Rac1 Rac8 18. Nf1 Na5 19. Ne3 Nxb3 20. axb3 Qb6 21. b4 h6 22. Bh4 a5 23. bxa5 Qxa5 24. Kh1 Rxd1+ 25. Rxd1 Rd8 26. Bg3 Nh5 27. b4 Rxd1+ 28. Qxd1 Qc7 29. Be1 Bg5 30. Qd3 Bxe3 31. Qxe3 f5 32. Kg1 Nf6 33. Bg3 Nd7 34. f4 e4 35. Qd4 Qc4 36. Qxc4 Bxc4 37. Kf2 b5 38. Ke3 Kf7 39. Kd4 Ke6 40. Bf2 Kd6 41. g4 g6 42. Bh4 Nf8 43. Bf6 Ne6+ 44. Ke3 Bd5 45. h3 Bc4 46. Bd1 Bf1 47. h4 Bh3 48. gxf5 gxf5 49. Be2 Kc6 50. Be5 Nd8 51. c4 bxc4 52. Bxc4 Bg4 53. Kd4 Kb6 54. b5 Bf3 55. Kc3 Nb7 56. Kb4 h5 57. Bd5 Be2 58. Bd4+ Kc7 59. b6+ Kb8 60. Be5+ Ka8 61. Kc3 Bf3 62. Kd4 Bg2 63. Bd6 Bf3 64. Bc7 Bg2 65. Bd6 Bh3 66. Bc6 e3 67. Bb4 e2 68. Ke3 Bg4 69. Kf2 Kb8 70. Bb5 Nd8 71. Ba6 Nc6 72. Bd6+ Ka8 73. Bc8 Nb8 74. Be6 Nc6 75. Bd5 Kb7 76. Bc7 Bh3 77. Kxe2 Bg4+ 78. Kd3 Bh3 79. Kc4 1-0

[Event "Barbera del Valles op 31st"]
[Site "Barbera del Valles"]
[Date "2008.07.05"]
[Round "2"]
[White "Esquivel Golcher, Luis Enrique"]
[Black "Sadrija, Enver"]
[Result "1/2-1/2"]
[WhiteElo "2178"]
[BlackElo "2265"]
[PlyCount "137"]
[EventDate "2008.07.04"]
[EventType "swiss"]
[EventRounds "9"]
[EventCountry "ESP"]
[SourceTitle "CBM 125 Extra"]
[Source "ChessBase"]
[SourceDate "2008.09.01"]
[SourceVersion "1"]
[SourceVersionDate "2008.09.01"]
[SourceQuality "1"]

1. e4 d5 2. d4 dxe4 3. Nc3 Nf6 4. f3 exf3 5. Nxf3 Bg4 6. Bc4 e6 7. 0-0 c6 8. Bg5 Nbd7 9. h3 Bh5 10. Qe2 Qb6 11. Kh1 Be7 12. Qe3 0-0 13. Ne5 Nxe5 14. Qxe5 Bg6 15. Qe3 Rad8 16. Rf4 Qxb2 17. Rb1 Nd5 18. Bxd5 Qxb1+ 19. Nxb1 Bxg5 20. Bb3 c5 21. Qf2 Bxf4 22. Qxf4 Rxd4 23. Qf1 Rfd8 24. Nc3 c4 25. Ba4 a6 26. Kh2 b5 27. Bxb5 axb5 28. Nxb5 Rd2 29. Qxc4 Rxc2 30. Qf4 Rxa2 31. Qc7 Rf8 32. Nc3 Rc2 33. Qe5 h6 34. Ne2 Rd8 35. Nf4 Bf5 36. Nh5 f6 37. Qg3 g5 38. Nxf6+ Kf7 39. Ng4 Rdd2 40. Ne3 Be4 41. Nxc2 Rxc2 42. Kh1 Rxg2 43. Qc7+ Kg6 44. Qe7 Bd5 45. Qe8+ Kf5 46. Qf7+ Ke5 47. Qg7+ Kf4 48. Qxh6 Ke3 49. Qh8 g4 50. Qc3+ Kf2 51. Qd4+ Ke2 52. Qb2+ Kd3 53. Qb5+ Kc2 54. Qa4+ Kb1 55. Qd1+ Kb2 56. Qd4+ Kb3 57. Qb6+ Ka2 58. Qa5+ Kb1 59. Qe1+ Kc2 60. Qa5 Rg3+ 61. Kh2 Rxh3+ 62. Kg1 g3 63. Qa4+ Kd3 64. Qd1+ Ke3 65. Qe2+ Kf4 66. Qd2+ Kf5 67. Qd3+ Be4 68. Qf1+ Kg4 69. Qe2+ 1/2-1/2

[Event "Catalunya-chT Honor"]
[Site "Catalunya"]
[Date "2008.03.02"]
[Round "6"]
[White "Vidarte Morales, Arturo"]
[Black "Sadrija, Enver"]
[Result "1-0"]
[WhiteElo "2415"]
[BlackElo "2287"]
[PlyCount "87"]
[EventDate "2008.01.27"]
[EventType "team-tourn"]
[EventRounds "9"]
[EventCountry "ESP"]
[SourceTitle "EXT 2019"]
[Source "ChessBase"]
[SourceDate "2018.10.10"]
[SourceVersion "1"]
[SourceVersionDate "2018.10.10"]
[SourceQuality "1"]

1. c4 c5 2. Nf3 Nc6 3. Nc3 g6 4. e3 Bg7 5. d4 b6 6. d5 Nb8 7. e4 d6 8. h3 Nf6 9. Bd3 Nbd7 10. 0-0 0-0 11. Bg5 Re8 12. Qd2 Qc7 13. Rac1 a6 14. Rfe1 Ne5 15. Nxe5 dxe5 16. a3 Nh5 17. b4 Nf4 18. Bf1 h6 19. Bh4 Qd6 20. Rb1 Ne6 21. Na4 Nd4 22. bxc5 bxc5 23. Qa5 Bxh3 24. Qxc5 g5 25. Bg3 Qg6 26. gxh3 Nf3+ 27. Kg2 Nxe1+ 28. Rxe1 h5 29. Qe3 h4 30. Bh2 e6 31. Nb6 Rab8 32. c5 exd5 33. Nxd5 Rb2 34. Be2 Rc2 35. Nb4 Rb2 36. Bg4 Rd8 37. c6 Rdd2 38. Bg1 Qd6 39. Rc1 a5 40. c7 Rbc2 41. c8Q+ Rxc8 42. Rxc8+ Kh7 43. Bf5+ Kh6 44. Rc6 1-0